[Event "27th Czech Open A 2016"]
[Site "Pardubice CZE"]
[Date "2016.07.29"]
[Round "8.31"]
[White "Gavrilov, Alexei1"]
[Black "Konguvel, Ponnuswamy"]
[Result "1/2-1/2"]
[WhiteTitle "GM"]
[BlackTitle "IM"]
[WhiteElo "2465"]
[BlackElo "2379"]
[WhiteFideId "4104358"]
[BlackFideId "5000548"]
[EventDate "2016.07.22"]

1. d4 Nf6 2. c4 g6 3. Nc3 d5 4. Nf3 Bg7 5. Bg5 Ne4 6. Bf4 Nxc3 7. bxc3 c5 8. e3
O-O 9. cxd5 cxd4 10. cxd4 Qxd5 11. Be2 Nc6 12. O-O Bf5 13. Qa4 Qa5 14. Qb3 Qb4
15. Rfc1 Qxb3 16. axb3 a6 17. Bg3 Rfd8 18. Rc3 Rac8 19. Rac1 Nb4 20. Rxc8 Rxc8
21. Rxc8+ Bxc8 22. Nd2 Be6 23. Kf1 b5 24. Bc7 Kf8 25. Ba5 Nc6 26. Bb6 f5 27. Bf3
Nb4 28. Bb7 Ke8 29. Bc5 Bd5 30. Bc8 a5 31. Bb6 a4 32. bxa4 bxa4 33. Bc5 Nc2 34.
Nb1 Bc4+ 35. Kg1 e5 36. Bb7 exd4 37. Bc6+ Kf7 38. Bxa4 d3 39. Nd2 Ba6 40. Bb3+
Ke8 41. Ba4+ Kd8 42. Bb6+ Ke7 43. Ba5 Kd6 44. h3 Kc5 45. Nb3+ Kc4 46. Nd2+ Kc5
47. Be8 Nb4 48. g4 Bc3 49. Nb1 Be1 50. gxf5 gxf5 51. Bd7 d2 52. Nxd2 Bxd2 53.
Bxf5 h6 54. Kg2 Bb7+ 55. Kg3 Be1 56. Bg6 Kb5 57. Bd8 Nd5 58. e4 Nc3 59. Kf3 Kc4
60. Ke3 Nxe4 1/2-1/2

[Event "27th Czech Open A 2016"]
[Site "Pardubice CZE"]
[Date "2016.07.29"]
[Round "8.32"]
[White "Lugovskoy, Maxim"]
[Black "Swicarz, Maciej"]
[Result "1/2-1/2"]
[WhiteTitle "IM"]
[WhiteElo "2458"]
[BlackElo "2292"]
[WhiteFideId "24126454"]
[BlackFideId "1113585"]
[EventDate "2016.07.22"]

1. e4 Nc6 2. Nc3 e5 3. Nf3 Nf6 4. Bb5 Bb4 5. O-O O-O 6. d3 Bxc3 7. bxc3 d6 8.
Re1 Re8 9. Rb1 Bd7 10. Bg5 h6 11. Bh4 a6 12. Ba4 b5 13. Bb3 Na5 14. d4 Bg4 15.
h3 Bxf3 16. Qxf3 Qe7 17. Bxf6 Qxf6 18. Qxf6 gxf6 19. Re3 Kf8 20. Rbe1 Ke7 21.
Rf3 Rg8 22. g3 Nxb3 23. cxb3 Rac8 24. h4 c5 25. d5 a5 26. c4 b4 27. Rf5 a4 28.
Re3 a3 29. Kg2 Rg6 30. Kf3 Rh8 31. Rh5 Rh7 32. Ke2 Rhg7 33. Rf3 Rh7 34. Ke3 Rh8
35. Rhf5 h5 36. Ke2 Rhh6 37. Re3 Rh8 38. Kf3 Rh7 39. Kg2 Rh8 40. Kh3 Rh7 41. Re1
Rh8 42. Re2 Rh7 43. f3 Rgh6 44. Rf2 Rh8 45. Rg2 R8h7 46. g4 hxg4+ 47. Rxg4 Rh8
48. Kg3 R8h7 49. f4 Rg6 50. fxe5 Rxg4+ 51. Kxg4 Rg7+ 52. Kh3 fxe5 53. Rg5 Rg6
54. Rxg6 fxg6 55. Kg4 Kf6 56. h5 Kg7 57. Kh4 gxh5 58. Kg5 h4 59. Kxh4 Kh6 60.
Kg4 1/2-1/2

[Event "27th Czech Open A 2016"]
[Site "Pardubice CZE"]
[Date "2016.07.29"]
[Round "8.33"]
[White "Gusain, Himal"]
[Black "Popov, Mikhail"]
[Result "1-0"]
[BlackTitle "FM"]
[WhiteElo "2453"]
[BlackElo "2280"]
[WhiteFideId "5033861"]
[BlackFideId "4146182"]
[EventDate "2016.07.22"]

1. e4 e6 2. d4 d5 3. Nc3 Bb4 4. e5 Ne7 5. a3 Bxc3+ 6. bxc3 b6 7. Bb5+ c6 8. Bd3
Ba6 9. a4 Qc8 10. Ba3 Bxd3 11. cxd3 c5 12. Nf3 cxd4 13. cxd4 Qc3+ 14. Ke2 Nbc6
15. Qb1 Nf5 16. Rc1 Ncxd4+ 17. Nxd4 Nxd4+ 18. Kf1 Qb3 19. Rc7 Kd8 20. Rxf7 Rc8
21. Rxa7 Rc1+ 22. Qxc1 Qxd3+ 23. Kg1 Ne2+ 24. Kh1 Nxc1 25. Be7+ Kc8 26. Rxc1+
Kb8 27. Rac7 Qa6 28. h3 Qxa4 29. Bd6 Ka8 30. R1c3 Rb8 31. Ra3 Qxa3 32. Bxa3 Rb7
33. Rc6 Ra7 34. Bd6 Kb7 35. Rc7+ Ka6 36. Rxa7+ Kxa7 37. Kg1 Ka6 38. f4 Kb5 39.
Kf2 g6 40. g4 d4 41. Ke2 Kc6 42. Kd3 Kd5 43. g5 b5 44. Bf8 1-0

[Event "27th Czech Open A 2016"]
[Site "Pardubice CZE"]
[Date "2016.07.29"]
[Round "8.34"]
[White "Makoto, Rodwell"]
[Black "Nguyen, Thai Dai Van"]
[Result "1/2-1/2"]
[WhiteTitle "IM"]
[BlackTitle "FM"]
[WhiteElo "2406"]
[BlackElo "2445"]
[WhiteFideId "11000120"]
[BlackFideId "358878"]
[EventDate "2016.07.22"]

1. Nf3 d5 2. c4 d4 3. b4 f6 4. e3 e5 5. c5 a5 6. Qa4+ Bd7 7. b5 Bxc5 8. Bc4 Ne7
9. exd4 exd4 10. O-O Bg4 11. Qb3 Nd7 12. Re1 a4 13. Qd3 Nb6 14. h3 Bxf3 15. Qxf3
Nxc4 16. Qh5+ Kf8 17. Qxc5 Nd6 18. Na3 Ndf5 19. Nc2 b6 20. Qb4 Kf7 21. Ba3 Re8
22. d3 Kg8 23. Re4 Nd6 24. Rxd4 Nef5 25. Rd5 Qd7 26. Nd4 Ne7 27. Rh5 Ng6 28. Nc6
Qf7 29. Qg4 Re6 30. Nd4 Re5 31. Bxd6 cxd6 32. Nc6 Rxh5 33. Qxh5 Ne5 34. Qf5 Re8
35. d4 Nc4 36. d5 Qg6 37. Qd7 Qf7 38. Qf5 Qg6 39. Qd7 Qf7 40. Qf5 Qg6 1/2-1/2

[Event "27th Czech Open A 2016"]
[Site "Pardubice CZE"]
[Date "2016.07.29"]
[Round "8.35"]
[White "Kantsler, Boris"]
[Black "Shevchenko, Kirill"]
[Result "1/2-1/2"]
[WhiteTitle "GM"]
[BlackTitle "FM"]
[WhiteElo "2395"]
[BlackElo "2443"]
[WhiteFideId "2805359"]
[BlackFideId "14129574"]
[EventDate "2016.07.22"]

1. d4 Nf6 2. Bg5 Ne4 3. Bf4 d5 4. Nd2 Bf5 5. Ngf3 e6 6. e3 Bd6 7. Bxd6 cxd6 8.
Be2 O-O 9. O-O Nd7 10. c3 Nxd2 11. Qxd2 Nf6 12. a4 h6 13. a5 Ne4 14. Qd1 Qe7 15.
Ne1 Rac8 16. Nd3 1/2-1/2

[Event "27th Czech Open A 2016"]
[Site "Pardubice CZE"]
[Date "2016.07.29"]
[Round "8.36"]
[White "Hansen, Mads"]
[Black "Kozionov, Kirill"]
[Result "1/2-1/2"]
[WhiteTitle "FM"]
[BlackTitle "IM"]
[WhiteElo "2353"]
[BlackElo "2440"]
[WhiteFideId "1401610"]
[BlackFideId "24101729"]
[EventDate "2016.07.22"]

1. e4 d5 2. exd5 Qxd5 3. Nc3 Qd6 4. d4 Nf6 5. Nf3 g6 6. Nb5 Qb6 7. Na3 c6 8. Nc4
Qd8 9. Nce5 Bg7 10. Bc4 O-O 11. O-O Nd5 12. Bb3 Nd7 13. Ng4 Kh8 14. h3 N7f6 15.
Nge5 Nd7 16. Nd3 Kg8 17. c4 Nc7 18. Re1 b6 19. a4 Bb7 20. Qe2 Re8 21. a5 c5 22.
dxc5 bxc5 23. Ba4 Ne6 24. Be3 Rc8 25. Rad1 Nd4 26. Bxd4 Bxf3 27. Qxf3 cxd4 28.
Rc1 e5 29. c5 Qc7 30. b4 Re7 31. c6 Nf6 32. Nc5 Rce8 33. Bc2 Rc8 34. Ba4 Rce8
35. Qd3 e4 36. Qc4 e3 37. fxe3 Bh6 38. Qxd4 Rxe3 39. Nd3 R8e6 40. Qh4 Kg7 41.
Nc5 Re7 42. Rf1 Nd5 43. Rc4 Re2 44. Nd7 Be3+ 45. Kh1 Bf2 46. Qg5 Ne3 47. Qxe7
Qh2+ 48. Kxh2 Nxf1+ 49. Kh1 Ng3+ 50. Kh2 Nf1+ 1/2-1/2

[Event "27th Czech Open A 2016"]
[Site "Pardubice CZE"]
[Date "2016.07.29"]
[Round "8.37"]
[White "Antonio, Viani D'cunha"]
[Black "Nagy, Gabor1"]
[Result "1/2-1/2"]
[BlackTitle "IM"]
[WhiteElo "2305"]
[BlackElo "2439"]
[WhiteFideId "5027330"]
[BlackFideId "737119"]
[EventDate "2016.07.22"]

1. e4 e5 2. Nf3 Nc6 3. Bc4 Nf6 4. Nc3 Be7 5. d4 d6 6. h3 O-O 7. O-O Nxe4 8. Nxe4
d5 9. Bxd5 Qxd5 10. Nc3 Qd6 11. dxe5 Nxe5 12. Nxe5 Qxe5 13. Re1 Qd6 14. Qf3 Bd8
15. Be3 Qf6 16. Bc5 Qxf3 17. gxf3 Bxh3 18. Bxf8 Kxf8 19. Rad1 g6 20. Ne4 Be7 21.
Re3 b6 22. c4 Be6 23. b3 h5 24. f4 Bf5 25. Kg2 h4 26. Ng5 Bc5 27. Ree1 Bd6 28.
Nf3 h3+ 29. Kg3 a5 30. Nd4 Bd7 31. Nb5 Bxb5 32. cxb5 a4 33. b4 Bxb4 34. Re4 Bd6
35. Kxh3 Kg7 36. Kg2 a3 37. Red4 Ra5 38. Rb1 Ra8 39. Kf3 Rh8 40. Ke4 Rh2 41. Rd2
Rh4 42. Kd5 Rxf4 43. Kc6 Rc4+ 44. Kb7 Be5 45. Rb3 Rc5 46. Rd7 g5 47. f3 Kg6 48.
Ka6 Bb2 49. Kb7 Be5 50. Rd8 f6 51. Re8 Kf5 52. Ra8 Bb2 53. Rc8 Be5 54. Ra8 1/2-1/2

[Event "27th Czech Open A 2016"]
[Site "Pardubice CZE"]
[Date "2016.07.29"]
[Round "8.38"]
[White "Thakur, Akash"]
[Black "Lalic, Bogdan"]
[Result "1/2-1/2"]
[WhiteTitle "FM"]
[BlackTitle "GM"]
[WhiteElo "2339"]
[BlackElo "2436"]
[WhiteFideId "5008514"]
[BlackFideId "409081"]
[EventDate "2016.07.22"]

1. d4 Nf6 2. Nc3 d5 3. Bg5 Nbd7 4. Qd3 h6 5. Bxf6 Nxf6 6. e4 e6 7. O-O-O dxe4 8.
Nxe4 Nxe4 9. Qxe4 Qd5 10. Qxd5 exd5 11. Nf3 Bd6 12. Re1+ Be6 13. Ne5 O-O 14. Bd3
Rfe8 15. f4 1/2-1/2

[Event "27th Czech Open A 2016"]
[Site "Pardubice CZE"]
[Date "2016.07.29"]
[Round "8.39"]
[White "Chigaev, Maksim"]
[Black "Tomazini, Aljosa"]
[Result "1-0"]
[WhiteTitle "IM"]
[BlackTitle "FM"]
[WhiteElo "2549"]
[BlackElo "2359"]
[WhiteFideId "4108116"]
[BlackFideId "14608154"]
[EventDate "2016.07.22"]

1. Nf3 c5 2. c4 g6 3. g3 Bg7 4. Bg2 Nc6 5. Nc3 e6 6. O-O Nge7 7. d4 cxd4 8. Nb5
Nf5 9. g4 Nh6 10. h3 O-O 11. Nfxd4 Nxd4 12. Nxd4 f5 13. g5 Nf7 14. h4 Qc7 15. b3
a6 16. Rb1 Rb8 17. Bb2 b5 18. cxb5 axb5 19. Nf3 Bxb2 20. Rxb2 Bb7 21. Rc2 Qf4
22. Qxd7 Be4 23. Rc7 Rbd8 24. Qe7 Bxf3 25. exf3 Qxh4 26. Qxe6 Qxg5 27. a4 Qf4
28. Qc6 bxa4 29. bxa4 Rd6 30. Qb7 g5 31. a5 g4 32. fxg4 fxg4 33. Rc8 Ng5 34.
Bd5+ Ne6 35. a6 Qe5 36. Rxf8+ Kxf8 37. a7 Nc7 38. Qxc7 Qxd5 39. Qxd6+ 1-0

[Event "27th Czech Open A 2016"]
[Site "Pardubice CZE"]
[Date "2016.07.29"]
[Round "8.40"]
[White "Petr, Martin"]
[Black "Sanders, Isaac B"]
[Result "1-0"]
[WhiteTitle "GM"]
[BlackTitle "FM"]
[WhiteElo "2505"]
[BlackElo "2352"]
[WhiteFideId "318299"]
[BlackFideId "417661"]
[EventDate "2016.07.22"]

1. e4 c6 2. d4 d5 3. e5 c5 4. dxc5 Nc6 5. Bf4 e6 6. Nf3 Bxc5 7. Bd3 Nge7 8. O-O
Ng6 9. Bg3 O-O 10. Nbd2 a6 11. c4 Ba7 12. a3 Qe7 13. h4 f6 14. exf6 Qxf6 15. Qc2
Kh8 16. Bxg6 Qxg6 17. Qxg6 hxg6 18. Rac1 Bd7 19. Nb3 Rae8 20. Rfd1 Rf5 21. Bd6
dxc4 22. Rxc4 Rd5 23. Rd2 Rxd2 24. Nbxd2 e5 25. Bc5 Bb8 26. Be3 Bf5 27. Ng5 Kg8
28. f3 Nd4 29. Kf2 Bd7 30. Nde4 Bc6 31. Rc1 Bc7 32. Nc5 Bb6 33. Nce4 Bc7 34. g4
Rf8 35. Bxd4 exd4 36. Ne6 Rf7 37. N4g5 Rd7 38. Nxc7 Rxc7 39. Ne6 Rd7 40. Rd1 d3
41. Nc5 Rd5 42. Nxd3 Bb5 43. Ke3 g5 44. hxg5 Rxg5 45. Kf4 Rd5 46. Nf2 Rc5 47.
Ne4 Rc8 48. Rd6 Kf8 49. Rd2 Bc6 50. Nd6 Rc7 51. g5 Ke7 52. Nf5+ Kf7 53. Rd6 Bd7
54. g6+ Kf8 55. Ne3 Ke7 56. Ke5 1-0

[Event "27th Czech Open A 2016"]
[Site "Pardubice CZE"]
[Date "2016.07.29"]
[Round "8.41"]
[White "Drnovsek, Gal"]
[Black "Simacek, Pavel"]
[Result "1/2-1/2"]
[WhiteTitle "FM"]
[BlackTitle "IM"]
[WhiteElo "2359"]
[BlackElo "2470"]
[WhiteFideId "14607077"]
[BlackFideId "307165"]
[EventDate "2016.07.22"]

1. d4 d5 2. c4 e5 3. dxe5 d4 4. Nf3 Nc6 5. a3 Bg4 6. Nbd2 Qe7 7. h3 Bh5 8. g4
Bg6 9. Bg2 h5 10. g5 O-O-O 11. O-O f6 12. exf6 gxf6 13. Nh4 Be8 14. Ne4 Qe6 15.
b4 Ne5 16. c5 f5 17. Ng3 Ne7 18. Qc2 Kb8 19. Rd1 Bb5 20. Bf1 f4 21. Bxf4 N5g6
22. Nxg6 Nxg6 23. Bc1 d3 24. exd3 Bg7 25. Rb1 Nh4 26. Qe2 Qf7 27. Be3 Bc6 28.
Ne4 Qf5 29. b5 Bd5 30. Rb4 Nf3+ 31. Kh1 Nxg5 32. Bxg5 Qxg5 33. Bg2 Qf5 34. Qf3
Qe6 35. Qe3 Bh6 36. f4 Rhg8 37. Rf1 Qf5 38. Rb2 h4 39. Kh2 Rg6 40. Bh1 Rf8 41.
Rbf2 Rgg8 42. a4 Qe6 43. Qd4 Bg7 44. Qb4 Rf5 45. Rg1 Bh6 46. Qd2 Rxg1 47. Kxg1
Qf7 48. Bg2 Bxf4 49. Qe2 Be5 50. Rxf5 Qxf5 51. Qf3 Bd4+ 52. Kf1 Bxe4 53. dxe4
Qxc5 54. e5 c6 55. e6 Qc1+ 56. Ke2 Qc2+ 57. Kf1 Qc1+ 58. Ke2 Qc4+ 59. Qd3 Qxe6+
60. Kd2 Bf6 61. Qe4 Qd6+ 62. Ke2 Kc7 63. bxc6 bxc6 64. Bf3 Qh2+ 65. Bg2 Qd6 66.
Bf3 Kb6 67. Qb1+ Ka5 68. Qb7 Qe6+ 69. Kd3 Qf5+ 70. Ke2 Qc2+ 71. Kf1 Bd4 72. Qc7+
Kb4 73. Qe7+ Kxa4 74. Qxh4 Qd3+ 75. Be2 Qb1+ 76. Qe1 Qxe1+ 77. Kxe1 Kb3 78. Kd2
a5 79. Kd3 c5 80. Bd1+ Kb4 81. Kc2 a4 82. Kb1 a3 83. h4 c4 84. h5 Kc3 85. h6 Kd2
86. Ba4 c3 87. Ka2 c2 1/2-1/2

[Event "27th Czech Open A 2016"]
[Site "Pardubice CZE"]
[Date "2016.07.29"]
[Round "8.42"]
[White "Pecnik, Leo"]
[Black "Satyapragyan, Swayangsu"]
[Result "1/2-1/2"]
[WhiteTitle "FM"]
[BlackTitle "IM"]
[WhiteElo "2334"]
[BlackElo "2467"]
[WhiteFideId "14504480"]
[BlackFideId "5004306"]
[EventDate "2016.07.22"]

1. d4 Nf6 2. Bg5 e6 3. Nd2 h6 4. Bh4 c5 5. e3 cxd4 6. exd4 Nc6 7. c3 Be7 8. Bd3
O-O 9. Ne2 b6 10. O-O Bb7 11. Nc4 d6 12. Ne3 Nh5 13. Bxe7 Nxe7 14. Ng3 Nf4 15.
Be4 Bxe4 16. Nxe4 d5 17. Nd2 Nc6 18. g3 Ng6 19. f4 b5 20. b4 a5 21. a3 Nge7 22.
Nb3 Nc8 23. f5 Qg5 24. Qf3 Nd6 25. h4 Qe7 26. Nc5 axb4 27. Rae1 Ne4 28. axb4 Nd2
29. Qg4 Nxf1 30. Rxf1 Kh7 31. f6 gxf6 32. Nd7 Qxd7 33. Rxf6 Rg8 34. Qf4 Ra1+ 35.
Kf2 Ra2+ 36. Ke1 Rg7 37. Ng4 Rxg4 38. Rxh6+ Kg7 39. Qf6+ Kf8 40. Rh8+ Rg8 41.
Qh6+ Ke7 42. Rxg8 Qa7 43. Qf8+ Kf6 44. Qh6+ Ke7 45. Qf8+ 1/2-1/2

[Event "27th Czech Open A 2016"]
[Site "Pardubice CZE"]
[Date "2016.07.29"]
[Round "8.43"]
[White "Sundararajan, Kidambi"]
[Black "Nemeth, Zoltan"]
[Result "1-0"]
[WhiteTitle "GM"]
[BlackTitle "IM"]
[WhiteElo "2456"]
[BlackElo "2310"]
[WhiteFideId "5005370"]
[BlackFideId "700657"]
[EventDate "2016.07.22"]

1. d4 d5 2. Nf3 c6 3. c4 Nf6 4. Nc3 e6 5. g3 a6 6. Bg2 b5 7. c5 Be7 8. O-O O-O
9. a3 Bd7 10. Ne5 Be8 11. e4 Nfd7 12. Nd3 f5 13. exd5 exd5 14. Nxd5 Bf6 15. Bf4
Bf7 16. Nxf6+ Nxf6 17. Bxb8 Rxb8 18. Nb4 Be8 19. Nxc6 Bxc6 20. Bxc6 Kh8 21. Bg2
Ne4 22. Re1 Qd5 23. f3 Nf6 24. Re5 Qd7 25. d5 b4 26. Qd4 a5 27. Rae1 f4 28. gxf4
bxa3 29. bxa3 Rb3 30. d6 Qf7 31. Re7 Qg6 32. d7 Rd3 33. Re8 Rxd4 34. Rxf8+ Ng8
35. d8=Q Rxd8 36. Rxd8 Qf5 37. Re5 Qxf4 38. Ree8 h6 39. Rxg8+ Kh7 40. Rh8+ Kg6
41. Rd6+ Kg5 42. Rd5+ Kg6 43. Re8 a4 44. Re1 h5 45. Bf1 Kf7 46. Bd3 g6 47. c6
Kf6 48. Bf1 h4 49. Bh3 Qc4 50. Red1 Qc3 51. R5d3 Qc2 52. Rd7 Qc5+ 53. Kh1 Qxa3
54. c7 Qxf3+ 55. Bg2 Qc3 56. Bb7 1-0

[Event "27th Czech Open A 2016"]
[Site "Pardubice CZE"]
[Date "2016.07.29"]
[Round "8.44"]
[White "Solozhenkin, Evgeniy"]
[Black "Hemant, Sharma2"]
[Result "1/2-1/2"]
[WhiteTitle "GM"]
[WhiteElo "2454"]
[BlackElo "2299"]
[WhiteFideId "4102266"]
[BlackFideId "5025842"]
[EventDate "2016.07.22"]

1. e4 c5 2. Nf3 d6 3. d4 cxd4 4. Nxd4 Nf6 5. f3 e5 6. Nb3 a5 7. Bb5+ Bd7 8. a4
d5 9. exd5 Bxb5 10. axb5 Nxd5 11. Qe2 Nd7 12. O-O a4 13. c4 Nb4 14. N3d2 Nc2 15.
Ra2 Bc5+ 16. Kh1 Ne3 17. Re1 Nc2 18. Rf1 Ne3 19. Re1 1/2-1/2

[Event "27th Czech Open A 2016"]
[Site "Pardubice CZE"]
[Date "2016.07.29"]
[Round "8.45"]
[White "Zanan, Evgeny"]
[Black "Grekh, Andrey"]
[Result "1/2-1/2"]
[WhiteTitle "FM"]
[BlackTitle "IM"]
[WhiteElo "2450"]
[BlackElo "2347"]
[WhiteFideId "24101940"]
[BlackFideId "14112418"]
[EventDate "2016.07.22"]

1. d4 Nf6 2. c4 Nc6 3. Nc3 e5 4. d5 Ne7 5. h4 h5 6. Bg5 Ng6 7. e3 Be7 8. Bd3 Ng4
9. Bxe7 Qxe7 10. Bxg6 fxg6 11. Qd3 O-O 12. f3 Nh6 13. d6 Qxd6 14. Qxd6 cxd6 15.
e4 b6 16. Nb5 Bb7 17. Ne2 d5 18. cxd5 Nf7 19. Kd2 a6 20. Nbc3 Rac8 21. Nc1 a5
22. Nd3 Ba6 23. Rac1 Rc4 24. Ne2 Rfc8 25. b3 Rxc1 26. Nexc1 Kf8 27. Ne2 Ke7 28.
Nc3 d6 29. a4 g5 30. hxg5 g6 31. Rb1 Nxg5 32. b4 Rc4 33. bxa5 bxa5 34. Rb6 Bc8
35. Rb5 h4 36. Nf2 h3 37. Nxh3 Bxh3 38. gxh3 Nxf3+ 39. Kd3 Rd4+ 40. Ke3 Nd2 41.
Rb7+ Kf6 42. Rc7 Nc4+ 43. Ke2 Nb2 44. Rd7 Nxa4 45. Rxd6+ Kf7 46. Nxa4 Rxe4+ 47.
Kf3 Rf4+ 48. Ke3 Rxa4 49. Ra6 g5 50. Re6 Rh4 51. Rxe5 Kf6 52. Re6+ Kf5 53. Ra6
Rxh3+ 54. Kd4 Ra3 55. Ra8 g4 1/2-1/2

[Event "27th Czech Open A 2016"]
[Site "Pardubice CZE"]
[Date "2016.07.29"]
[Round "8.46"]
[White "Lerch, Philipp"]
[Black "Grinberg, Eyal"]
[Result "1/2-1/2"]
[WhiteTitle "FM"]
[BlackTitle "FM"]
[WhiteElo "2315"]
[BlackElo "2431"]
[WhiteFideId "4654129"]
[BlackFideId "2806070"]
[EventDate "2016.07.22"]

1. c4 c6 2. Nf3 d5 3. e3 Nf6 4. Nc3 e6 5. b3 Nbd7 6. Bb2 Bd6 7. Be2 O-O 8. O-O
b6 9. cxd5 Nxd5 10. Ne4 Be7 11. Qc2 Bb7 12. Ng3 c5 13. Rac1 Bf6 14. d4 cxd4 15.
Nxd4 Rc8 16. Qb1 Qe7 17. Rxc8 Rxc8 18. Rc1 Rxc1+ 19. Qxc1 Qc5 20. Qd2 Qb4 21.
Qc1 g6 22. a3 Qe7 23. b4 Be5 24. Bb5 Nb8 25. Nf3 Bxb2 26. Qxb2 Qc7 27. Ne4 a6
28. Bd3 Nd7 29. h4 h5 30. Qc2 Qb8 31. Qe2 Ne7 32. Ng3 Bxf3 33. Qxf3 b5 34. Ne4
Qc7 35. Qd1 Nd5 36. g3 N7f6 37. Nxf6+ Nxf6 38. a4 Qd6 39. axb5 axb5 40. Qe2 Qxb4
41. Bxb5 Ne4 42. Bc6 Nd2 43. Bg2 Kg7 44. Qd3 e5 45. Kh2 Qb2 46. Qd5 Qc3 47. Qb7
Qb3 48. Qd7 Qc2 49. Bd5 Qf5 50. Qxf5 gxf5 1/2-1/2

[Event "27th Czech Open A 2016"]
[Site "Pardubice CZE"]
[Date "2016.07.29"]
[Round "8.47"]
[White "Kanovsky, David"]
[Black "Kulkarni, Rakesh"]
[Result "1/2-1/2"]
[WhiteTitle "IM"]
[WhiteElo "2430"]
[BlackElo "2296"]
[WhiteFideId "316210"]
[BlackFideId "5037077"]
[EventDate "2016.07.22"]

1. e4 c5 2. Nf3 e6 3. b3 b6 4. d4 cxd4 5. Nxd4 Bb7 6. Nb5 Nf6 7. Bf4 Na6 8. N1c3
Nxe4 9. Nxe4 Bxe4 10. Qd4 Bb7 11. Bd6 Bc6 12. Rd1 Qf6 13. Qd2 Qf5 14. Bxf8 Kxf8
15. Qd6+ Kg8 16. Nd4 Qe4+ 17. Be2 Qxg2 18. Rf1 Nc5 19. f3 Rf8 20. b4 Na4 21.
Nxc6 dxc6 22. Qxc6 b5 23. Bxb5 Nb6 24. Rd2 Qg5 25. Qc5 Nd5 26. f4 Qh4+ 27. Kd1
Qh3 28. Rg1 Qf3+ 29. Be2 Qa3 30. Qd4 g6 31. Rg3 Qxa2 32. Rb3 Rc8 33. Bf3 Rc4 34.
Qe5 Rxc2 35. Rxc2 Qxb3 36. Kc1 Qa3+ 37. Kb1 Qb3+ 38. Kc1 Qa3+ 39. Kb1 Nb6 40.
Qb8+ Kg7 41. Qe5+ Kg8 42. Qb8+ Kg7 43. Qe5+ Kg8 1/2-1/2

[Event "27th Czech Open A 2016"]
[Site "Pardubice CZE"]
[Date "2016.07.29"]
[Round "8.48"]
[White "Nasuta, Grzegorz"]
[Black "Fuchs, Florian"]
[Result "1-0"]
[WhiteTitle "IM"]
[WhiteElo "2417"]
[BlackElo "2274"]
[WhiteFideId "1141686"]
[BlackFideId "24651737"]
[EventDate "2016.07.22"]

1. e4 c5 2. Nf3 Nc6 3. Bb5 g6 4. Bxc6 dxc6 5. d3 Bg7 6. h3 Nf6 7. Nc3 O-O 8. O-O
b6 9. Be3 e5 10. a4 a5 11. Qd2 Qd6 12. Bh6 Nh5 13. Ne2 f6 14. b3 Ra7 15. Rae1 g5
16. Bxg7 Nxg7 17. Ng3 h5 18. h4 Bg4 19. Qe3 Qd8 20. hxg5 Bxf3 21. g6 Bxg2 22.
Kxg2 Ne6 23. Nxh5 f5 24. Rh1 fxe4 25. dxe4 Nf4+ 26. Nxf4 Qg5+ 27. Qg3 Qxf4 28.
Qxf4 Rxf4 29. Rh6 Rd7 30. Re2 c4 31. bxc4 Rd4 32. f3 Rxc4 33. Rd2 Kg7 34. Rh5
Rf6 35. Rxe5 Rxg6+ 36. Kf2 Rxa4 37. f4 Rc4 38. f5 Rg4 39. Kf3 Rh4 40. Re7+ Kf8
41. f6 Rc3+ 42. Rd3 Rxd3+ 43. cxd3 a4 44. e5 Rd4 45. Ra7 Rd5 46. Ke4 Ra5 47.
Rxa5 bxa5 48. Kd4 c5+ 49. Kc3 1-0

[Event "27th Czech Open A 2016"]
[Site "Pardubice CZE"]
[Date "2016.07.29"]
[Round "8.49"]
[White "Krapivin, Vladislav"]
[Black "Vokac, Marek"]
[Result "0-1"]
[WhiteTitle "IM"]
[BlackTitle "GM"]
[WhiteElo "2318"]
[BlackElo "2415"]
[WhiteFideId "4126149"]
[BlackFideId "300101"]
[EventDate "2016.07.22"]

1. e4 c5 2. Nc3 Nc6 3. g3 g6 4. Bg2 Bg7 5. d3 d6 6. f4 e6 7. Nf3 Nge7 8. O-O O-O
9. Be3 Rb8 10. Bf2 b6 11. d4 Ba6 12. Re1 e5 13. fxe5 cxd4 14. Nxd4 Nxe5 15. a4
Qd7 16. h3 Rfd8 17. b3 Rbc8 18. Qd2 N7c6 19. Nd5 Nxd4 20. Bxd4 Bb7 21. c4 Bxd5
22. exd5 Re8 23. Red1 Re7 24. Qf2 Qc7 25. Rac1 Nd7 26. h4 Bxd4 27. Rxd4 Qc5 28.
Rc2 Rce8 29. Bf1 Re3 30. Rf4 R8e7 31. b4 Rxg3+ 32. Kh2 Qxf2+ 33. Rfxf2 Rb3 34.
Rb2 Rbe3 35. Rf4 Kg7 36. a5 R7e4 37. Rxe4 Rxe4 38. axb6 axb6 39. Ra2 Ne5 40. c5
dxc5 41. b5 Rxh4+ 42. Kg3 Rg4+ 43. Kh3 Rd4 44. Ra6 Nd7 45. Bg2 c4 0-1

[Event "27th Czech Open A 2016"]
[Site "Pardubice CZE"]
[Date "2016.07.29"]
[Round "8.50"]
[White "Kathmale, Sameer"]
[Black "Yagupov, Igor"]
[Result "1/2-1/2"]
[WhiteTitle "IM"]
[BlackTitle "GM"]
[WhiteElo "2298"]
[BlackElo "2405"]
[WhiteFideId "5024498"]
[BlackFideId "4113632"]
[EventDate "2016.07.22"]

1. e4 c5 2. c3 Nf6 3. e5 Nd5 4. Nf3 Nc6 5. Bc4 e6 6. d4 cxd4 7. cxd4 d6 8. O-O
Be7 9. Bd2 O-O 10. Nc3 dxe5 11. dxe5 Nxc3 12. Bxc3 a6 13. Qe2 b5 14. Bd3 Bb7 15.
Rfd1 Qb6 16. a3 Rad8 17. b4 Rd5 18. Be4 Rxd1+ 19. Rxd1 Rd8 20. h4 Rxd1+ 21. Qxd1
Qc7 22. Qd3 h6 23. h5 Nb8 24. Nd2 Nd7 25. Bxb7 Qxb7 26. f4 Nb6 27. Ne4 Nd5 28.
Bd2 Qc6 29. Kh2 Nb6 30. Be3 Qc4 31. Qxc4 Nxc4 32. Bc1 a5 33. bxa5 1/2-1/2

[Event "27th Czech Open A 2016"]
[Site "Pardubice CZE"]
[Date "2016.07.29"]
[Round "8.51"]
[White "Girish, A. Koushik"]
[Black "Gahan, M G"]
[Result "1-0"]
[WhiteTitle "IM"]
[WhiteElo "2399"]
[BlackElo "2249"]
[WhiteFideId "5038448"]
[BlackFideId "5027373"]
[EventDate "2016.07.22"]

1. d4 Nf6 2. Bf4 d5 3. e3 c5 4. c3 e6 5. Nf3 Qb6 6. Qb3 c4 7. Qc2 Bd6 8. Bg3 Bd7
9. Nbd2 Qc7 10. Be2 Bc6 11. Ne5 Nbd7 12. f4 b5 13. Bf3 Rb8 14. O-O O-O 15. Nxc6
Qxc6 16. e4 dxe4 17. Nxe4 Qc7 18. Nxd6 Qxd6 19. f5 e5 20. Rae1 Rbe8 21. Qf2 Re7
22. Re2 Rfe8 23. Rfe1 Nd5 24. dxe5 Nxe5 25. Rxe5 Rxe5 26. Rxe5 Rxe5 27. Qd4 Qh6
28. Bxe5 Qc1+ 29. Kf2 1-0